[Event "34th European Club Cup 2018"]
[Site "Halkidiki"]
[Date "2018.10.17"]
[Round "6"]
[White "Hove, Esben Kjems"]
[Black "Georgakopoulos, Nikolaos K."]
[Result "1-0"]
[WhiteElo "2286"]
[BlackElo "2085"]
[Annotator "NA"]
[PlyCount "57"]
[EventDate "2018.10.12"]
[EventType "team-tourn"]
[EventCountry "GRE"]
[SourceTitle "playchess.com"]
[Source "ChessBase"]
[SourceQuality "1"]
[WhiteTeam "Nordkalotten"]
[BlackTeam "Chania CA"]

1. d4 e6 2. Nf3 Nf6 3. e3 b6 4. Bd3 Bb7 5. O-O c5 6. c3 d6 7. Nbd2 Nbd7 8. e4 e5 9. d5 a6 10. a4 g6 11. g3 Bg7 12. c4 O-O 13. Nh4 Ne8 14. a5 Bh6 15. axb6 a5 16. Ra3 Nxb6 17. b3 Ng7 18. Bb2 Ra6 19. Bc3 Nd7 20. Qa1 f5 21. Rxa5 Rb6 22. Ra7 Bc8 23. exf5 gxf5 24. Qb1 e4 25. Nxe4 fxe4 26. Bxe4 Ne5 27. Bxh7+ Kh8 28. Ng6+ Kxh7 29. Nxf8+ 1-0

[Event "34th European Club Cup 2018"]
[Site "Halkidiki"]
[Date "2018.10.17"]
[Round "6"]
[White "Dinev, Dejan"]
[Black "Mikhalevski, Alexander"]
[Result "1/2-1/2"]
[WhiteElo "2284"]
[BlackElo "2430"]
[Annotator "NA"]
[PlyCount "65"]
[EventDate "2018.10.12"]
[EventType "team-tourn"]
[EventCountry "GRE"]
[SourceTitle "playchess.com"]
[Source "ChessBase"]
[SourceQuality "1"]
[WhiteTeam "Asseco SEE"]
[BlackTeam "Rehovot"]

1. d4 Nf6 2. Nf3 d5 3. e3 c5 4. Be2 Nc6 5. O-O e6 6. b3 Bd6 7. Bb2 O-O 8. Nbd2 b6 9. c4 cxd4 10. Nxd4 Nxd4 11. Bxd4 Bb7 12. cxd5 exd5 13. Rc1 Qe7 14. Bd3 g6 15. Qe2 Ne4 16. Nxe4 dxe4 17. Ba6 Ba3 18. Rcd1 Rac8 19. Bc4 Rfd8 20. Qg4 Bd6 21. h4 Rc7 22. f4 exf3 23. h5 Rxc4 24. bxc4 f5 25. Qh3 fxg2 26. Rf2 Be5 27. hxg6 hxg6 28. Rfd2 Bxd4 29. Rxd4 Rxd4 30. Rxd4 Kg7 31. Qg3 g5 32. Kf2 Bc6 33. Rh4 1/2-1/2

[Event "34th European Club Cup 2018"]
[Site "Halkidiki"]
[Date "2018.10.17"]
[Round "6"]
[White "Lammens, Tim"]
[Black "Asllani, Ibrahim"]
[Result "1-0"]
[WhiteElo "2281"]
[BlackElo "2033"]
[Annotator "NA"]
[PlyCount "71"]
[EventDate "2018.10.12"]
[EventType "team-tourn"]
[EventCountry "GRE"]
[SourceTitle "playchess.com"]
[Source "ChessBase"]
[SourceQuality "1"]
[WhiteTeam "Apeldoorn"]
[BlackTeam "Drejtesia"]

1. Nf3 c5 2. g3 g6 3. Bg2 Bg7 4. O-O Nc6 5. c4 e6 6. Nc3 Nge7 7. d3 O-O 8. Bd2 d5 9. a3 a6 10. Rb1 b6 11. b4 cxb4 12. axb4 Bb7 13. cxd5 Nxd5 14. Nxd5 exd5 15. b5 axb5 16. Rxb5 Ba6 17. Rb1 Re8 18. Bg5 Ne7 19. Qb3 b5 20. Rfc1 h6 21. Bf4 Nf5 22. e3 Ra7 23. h4 Bf6 24. d4 g5 25. hxg5 hxg5 26. Be5 Be7 27. Rc6 Bb7 28. Rc7 Nd6 29. Rbc1 f6 30. Qd3 Ne4 31. Qxb5 Qa8 32. Qd7 fxe5 33. Qe6+ Kf8 34. Nxe5 Nd6 35. Ng6+ Kg7 36. Nxe7 1-0

[Event "34th European Club Cup 2018"]
[Site "Halkidiki"]
[Date "2018.10.17"]
[Round "6"]
[White "Storme, Isak"]
[Black "Densing, Gerd"]
[Result "1-0"]
[WhiteElo "2276"]
[BlackElo "1776"]
[Annotator "NA"]
[PlyCount "49"]
[EventDate "2018.10.12"]
[EventType "team-tourn"]
[EventCountry "GRE"]
[SourceTitle "playchess.com"]
[Source "ChessBase"]
[SourceQuality "1"]
[WhiteTeam "SK Oslo"]
[BlackTeam "Echternach"]

1. g3 d5 2. Bg2 c6 3. f4 Bf5 4. Nf3 e6 5. O-O Nf6 6. b3 Bc5+ 7. Kh1 O-O 8. Bb2 h6 9. e3 Nbd7 10. Nc3 Ng4 11. h3 Ngf6 12. g4 Be4 13. Nxe4 Nxe4 14. Qe1 Be7 15. d3 Nd6 16. e4 f5 17. gxf5 dxe4 18. dxe4 exf5 19. Nd4 Bh4 20. Qe2 Re8 21. e5 Ne4 22. Nxf5 Ng3+ 23. Nxg3 Bxg3 24. Qg4 Bh4 25. e6 1-0

[Event "34th European Club Cup 2018"]
[Site "Halkidiki"]
[Date "2018.10.17"]
[Round "6"]
[White "Stillger, Bernhard"]
[Black "Lenaerts, Lennert"]
[Result "1/2-1/2"]
[WhiteElo "2265"]
[BlackElo "2362"]
[Annotator "NA"]
[PlyCount "66"]
[EventDate "2018.10.12"]
[EventType "team-tourn"]
[EventCountry "GRE"]
[SourceTitle "playchess.com"]
[Source "ChessBase"]
[SourceQuality "1"]
[WhiteTeam "Eynatten"]
[BlackTeam "Aachen"]

1. e4 e5 2. Nf3 Nc6 3. Nc3 Nf6 4. d4 exd4 5. Nxd4 Bb4 6. Nxc6 bxc6 7. Bd3 d5 8. exd5 cxd5 9. O-O O-O 10. h3 Re8 11. Qf3 Rb8 12. Bg5 c6 13. Bxf6 Qxf6 14. Qxf6 gxf6 15. Ne2 Bd6 16. b3 c5 17. Rad1 Kg7 18. Ng3 Bxg3 19. fxg3 Re5 20. Rf4 Bd7 21. Rdf1 Rb6 22. a4 a5 23. Bf5 Bxf5 24. Rxf5 Rbe6 25. g4 h6 26. R5f2 Re3 27. Rd2 d4 28. Rf5 R6e5 29. Rf4 Re1+ 30. Kf2 Rc1 31. Kg3 Re3+ 32. Rf3 Rce1 33. Kf2 Rxf3+ 1/2-1/2

[Event "34th European Club Cup 2018"]
[Site "Halkidiki"]
[Date "2018.10.17"]
[Round "6"]
[White "Friedrich, Norbert"]
[Black "Michalczak, Thomas"]
[Result "1-0"]
[WhiteElo "2259"]
[BlackElo "2160"]
[Annotator "NA"]
[PlyCount "79"]
[EventDate "2018.10.12"]
[EventType "team-tourn"]
[EventCountry "GRE"]
[SourceTitle "playchess.com"]
[Source "ChessBase"]
[SourceQuality "1"]
[WhiteTeam "Zurich"]
[BlackTeam "Solingen"]

1. e4 e5 2. Nf3 Nc6 3. Bb5 a6 4. Ba4 Nf6 5. O-O Be7 6. Re1 b5 7. Bb3 O-O 8. a4 Bb7 9. d3 Re8 10. Nbd2 Bf8 11. Nf1 Na5 12. Ba2 c5 13. Bg5 h6 14. Bxf6 Qxf6 15. Ne3 b4 16. Nd2 Rad8 17. Nd5 Qd6 18. Re3 Re6 19. Rf3 Bxd5 20. Bxd5 Rf6 21. Nf1 Nc6 22. Ne3 Nd4 23. Rxf6 Qxf6 24. c3 Ne6 25. g3 Bd6 26. Qh5 bxc3 27. bxc3 Rb8 28. Nc4 Bc7 29. h4 Nf8 30. Kg2 Nh7 31. Qd1 Qd8 32. Rb1 Nf6 33. Ne3 Ba5 34. Rb3 g6 35. Qb1 Rb6 36. Qa2 Nxd5 37. Nxd5 Rc6 38. Qb1 Kg7 39. c4 Bd2 40. Qb2 1-0

[Event "34th European Club Cup 2018"]
[Site "Halkidiki"]
[Date "2018.10.17"]
[Round "6"]
[White "Salama, Omar"]
[Black "Marinskii, Yurii"]
[Result "0-1"]
[WhiteElo "2254"]
[BlackElo "2166"]
[Annotator "NA"]
[PlyCount "142"]
[EventDate "2018.10.12"]
[EventType "team-tourn"]
[EventCountry "GRE"]
[SourceTitle "playchess.com"]
[Source "ChessBase"]
[SourceQuality "1"]
[WhiteTeam "Reykjavik"]
[BlackTeam "Overtime"]

1. d4 d5 2. c4 c6 3. cxd5 cxd5 4. Nc3 Nf6 5. Bf4 a6 6. e3 Nc6 7. Bd3 Bg4 8. f3 Bh5 9. Qb3 Na5 10. Qa4+ Nc6 11. Rc1 e6 12. Qb3 Na5 13. Qa4+ Nc6 14. Nge2 Bg6 15. Qd1 Nh5 16. Bg3 Rc8 17. Bf2 Bd6 18. O-O Qc7 19. g3 Bxd3 20. Qxd3 Nf6 21. e4 Be7 22. Nf4 Rd8 23. Kg2 O-O 24. e5 Nd7 25. h4 Qa5 26. a3 Rc8 27. Nh3 Rfe8 28. Ng5 Nf8 29. f4 Qd8 30. Be3 f6 31. exf6 Bxf6 32. f5 Qb6 33. fxe6 Qxb2+ 34. Rf2 Qxa3 35. Qf5 Ne7 36. Qd3 Rc4 37. Rfc2 Rec8 38. Qd2 b5 39. Ra2 Qb3 40. Rb2 Qa3 41. Ra2 Qb4 42. Rb2 Qd6 43. Ne2 Nxe6 44. Rf1 Bxg5 45. hxg5 Rf8 46. Rxf8+ Nxf8 47. Bf4 Qg6 48. Ra2 Qe4+ 49. Kf2 Rc6 50. Ng1 Nf5 51. Nf3 Ne6 52. Be5 Ne7 53. Qd1 Ng6 54. Re2 Qf5 55. Qb3 Rc4 56. Kg2 Nxg5 57. Nxg5 Qxg5 58. Bd6 h6 59. Be5 Qg4 60. Rf2 Nxe5 61. dxe5 Qe4+ 62. Kh2 Rc1 63. Rg2 Qxe5 64. Qf3 Kh7 65. Re2 Qg5 66. Re8 Qg6 67. Re5 d4 68. Qd5 Rc3 69. Kh1 Qxg3 70. Qe4+ Qg6 71. Qf4 Rh3+ 0-1

[Event "34th European Club Cup 2018"]
[Site "Halkidiki"]
[Date "2018.10.17"]
[Round "6"]
[White "Omorjan, Dejan"]
[Black "Bosman, Michiel"]
[Result "1-0"]
[WhiteElo "2249"]
[BlackElo "2390"]
[Annotator "NA"]
[PlyCount "99"]
[EventDate "2018.10.12"]
[EventType "team-tourn"]
[EventCountry "GRE"]
[SourceTitle "playchess.com"]
[Source "ChessBase"]
[SourceQuality "1"]
[WhiteTeam "Partizan"]
[BlackTeam "Leiden"]

1. d4 d5 2. Nf3 Nf6 3. c4 c6 4. e3 Bf5 5. Nc3 e6 6. Nh4 Be4 7. f3 Bg6 8. Qb3 Qc7 9. Bd2 Be7 10. Nxg6 hxg6 11. g3 O-O 12. Rc1 Qd7 13. Bd3 Rd8 14. cxd5 cxd5 15. Bb5 Nc6 16. Na4 Rdc8 17. O-O Rab8 18. Rc2 Qd8 19. Bxc6 Rxc6 20. Rxc6 bxc6 21. Qd3 Qc8 22. Rc1 Qb7 23. b3 Nd7 24. Qc3 Rc8 25. Kf2 Qb5 26. Qa5 a6 27. Qxb5 axb5 28. Nc3 Rb8 29. Ne2 c5 30. dxc5 Nxc5 31. Kf1 b4 32. Nd4 Nd3 33. Rc7 Bd8 34. Ra7 Bf6 35. Ke2 Ne5 36. Ra4 Nd7 37. Rxb4 Ra8 38. a4 e5 39. Nc6 Rc8 40. Rb7 Nc5 41. Rb8 Rxb8 42. Nxb8 e4 43. f4 d4 44. a5 d3+ 45. Kd1 Ne6 46. a6 Nc7 47. a7 Na8 48. Ba5 g5 49. Nd7 gxf4 50. Nxf6+ 1-0

[Event "34th European Club Cup 2018"]
[Site "Halkidiki"]
[Date "2018.10.17"]
[Round "6"]
[White "Roobol, Martin"]
[Black "Nikolic, Milos"]
[Result "0-1"]
[WhiteElo "2243"]
[BlackElo "2279"]
[Annotator "NA"]
[PlyCount "58"]
[EventDate "2018.10.12"]
[EventType "team-tourn"]
[EventCountry "GRE"]
[SourceTitle "playchess.com"]
[Source "ChessBase"]
[SourceQuality "1"]
[WhiteTeam "Leiden"]
[BlackTeam "Partizan"]

1. e4 c5 2. Nf3 d6 3. d4 cxd4 4. Nxd4 Nf6 5. Nc3 a6 6. f3 e5 7. Nb3 Be6 8. Be3 Nbd7 9. g4 h6 10. Qd2 b5 11. a4 b4 12. Nd5 Bxd5 13. exd5 Nb6 14. Bxb6 Qxb6 15. O-O-O Be7 16. Kb1 Nd7 17. f4 exf4 18. Qxf4 Bf6 19. h4 Be5 20. Qf3 Nc5 21. Nxc5 Qxc5 22. g5 hxg5 23. hxg5 Rxh1 24. Qxh1 g6 25. Bd3 Ke7 26. Bxg6 Rh8 27. Bh5 b3 28. c3 Qc4 29. Qf3 Rxh5 0-1

[Event "34th European Club Cup 2018"]
[Site "Halkidiki"]
[Date "2018.10.17"]
[Round "6"]
[White "Rosenkilde, Alexander"]
[Black "Thorarinsson, Pall A."]
[Result "1/2-1/2"]
[WhiteElo "2239"]
[BlackElo "2270"]
[Annotator "NA"]
[PlyCount "100"]
[EventDate "2018.10.12"]
[EventType "team-tourn"]
[EventCountry "GRE"]
[SourceTitle "playchess.com"]
[Source "ChessBase"]
[SourceQuality "1"]
[WhiteTeam "Jetsmark"]
[BlackTeam "Viking CC"]

1. d4 Nf6 2. c4 e6 3. Nf3 c5 4. d5 exd5 5. cxd5 d6 6. Nc3 g6 7. Bf4 a6 8. a4 Bg7 9. h3 O-O 10. e3 Nh5 11. Bh2 f5 12. Be2 f4 13. O-O Nd7 14. Nd2 fxe3 15. fxe3 Qg5 16. Bxh5 Qxe3+ 17. Kh1 gxh5 18. Nc4 Qd4 19. Rxf8+ Nxf8 20. Nxd6 Qxd1+ 21. Rxd1 Bd7 22. a5 Rb8 23. Nce4 Ba4 24. Rd2 Nd7 25. Bf4 b6 26. Nc4 Rf8 27. g3 bxa5 28. Ng5 Rf5 29. Nd6 Rxd5 30. Re2 Bc6 31. Kh2 Rd1 32. g4 h4 33. Nde4 Nf6 34. Nf2 Rf1 35. Ne6 Nd5 36. Bg5 Bd4 37. Bxh4 Be3 38. Ne4 Bf4+ 39. Bg3 Bxg3+ 40. Kxg3 c4 41. Nd6 c3 42. bxc3 Nxc3 43. Re5 Rf6 44. g5 Rf3+ 45. Kg4 Rd3 46. Nf5 Bd7 47. Nh6+ Kh8 48. Nf7+ Kg8 49. Nh6+ Kh8 50. Nf7+ Kg8 1/2-1/2

[Event "34th European Club Cup 2018"]
[Site "Halkidiki"]
[Date "2018.10.17"]
[Round "6"]
[White "Kukk, Sander"]
[Black "Zumsande, Martin"]
[Result "0-1"]
[WhiteElo "2235"]
[BlackElo "2492"]
[Annotator "ChessBase"]
[PlyCount "114"]
[EventDate "2018.10.12"]
[EventType "team-tourn"]
[EventCountry "GRE"]
[SourceTitle "playchess.com"]
[Source "ChessBase"]
[SourceQuality "1"]
[WhiteTeam "Reval"]
[BlackTeam "Bremen"]

1. b3 d5 2. e3 e5 3. Bb2 Bd6 4. c4 c6 5. cxd5 cxd5 6. Nc3 Ne7 7. Nb5 Nbc6 8. Nxd6+ Qxd6 9. Nf3 e4 10. Nd4 O-O 11. Rc1 Rd8 12. Nxc6 Nxc6 13. Bb5 Qg6 14. Kf1 Bg4 15. Qc2 Rac8 16. Qb1 Nb4 17. Bc3 Rc5 18. Bxb4 Rxb5 19. Bc5 Ra5 20. h3 Bd7 21. a4 Ra6 22. Bd4 Rc6 23. Rxc6 Qxc6 24. Qb2 Rc8 25. Kg1 f6 26. Qa3 a6 27. Qb4 Kf7 28. f4 exf3 29. gxf3 Qe6 30. Kf2 b5 31. a5 g5 32. Bc3 h5 33. Qd4 h4 34. Ke2 Rc6 35. Rh2 Qf5 36. Rh1 Re6 37. d3 Rc6 38. e4 Qe6 39. Rf1 Bc8 40. f4 dxe4 41. dxe4 Qxb3 42. Kd2 Bxh3 43. Rf3 Qa2+ 44. Bb2 Qxa5+ 45. Bc3 b4 46. Bxb4 Qa2+ 47. Ke3 Qb3+ 48. Kf2 Qc4 49. Qd2 Qxe4 50. Bc3 Bg4 51. Re3 Qxf4+ 52. Kg1 Be6 53. Qd3 Qg4+ 54. Kh2 Qf5 55. Qe2 Qf4+ 56. Kg1 g4 57. Qd3 Qf5 0-1

[Event "34th European Club Cup 2018"]
[Site "Halkidiki"]
[Date "2018.10.17"]
[Round "6"]
[White "Umudova, Nargiz"]
[Black "Van der Heijden, Ton"]
[Result "1/2-1/2"]
[WhiteElo "2233"]
[BlackElo "2300"]
[Annotator "NA"]
[PlyCount "66"]
[EventDate "2018.10.12"]
[EventType "team-tourn"]
[EventCountry "GRE"]
[SourceTitle "playchess.com"]
[Source "ChessBase"]
[SourceQuality "1"]
[WhiteTeam "Echiquier Amaytois"]
[BlackTeam "BSG"]

1. e4 c5 2. Nf3 e6 3. d3 d5 4. Nbd2 Nf6 5. g3 Nc6 6. Bg2 Be7 7. O-O b6 8. Re1 Bb7 9. Qe2 Qc7 10. Nf1 O-O-O 11. e5 Nd7 12. h4 h6 13. N1h2 g5 14. hxg5 hxg5 15. Ng4 Rh5 16. c3 Rdh8 17. Bd2 Kb8 18. b4 d4 19. bxc5 Bxc5 20. c4 Bf8 21. Bxg5 Rg8 22. Qd2 Bb4 23. Qf4 Bxe1 24. Rxe1 Nb4 25. Be7 Rf5 26. Qd2 Nxe5 27. Nfxe5 Qxe7 28. Nh6 Rxe5 29. Nxg8 Rxe1+ 30. Qxe1 Nxd3 31. Qe2 Qd8 32. Qxd3 Qxg8 33. Qxd4 Bxg2 1/2-1/2

[Event "34th European Club Cup 2018"]
[Site "Halkidiki"]
[Date "2018.10.17"]
[Round "6"]
[White "Ostergaard, Jens"]
[Black "Duncan, Chris R"]
[Result "1/2-1/2"]
[WhiteElo "2225"]
[BlackElo "2236"]
[Annotator "NA"]
[PlyCount "61"]
[EventDate "2018.10.12"]
[EventType "team-tourn"]
[EventCountry "GRE"]
[SourceTitle "playchess.com"]
[Source "ChessBase"]
[SourceQuality "1"]
[WhiteTeam "Hillerod"]
[BlackTeam "Blackthorne"]

1. d4 d5 2. c4 c6 3. cxd5 cxd5 4. Bf4 Nc6 5. Nc3 Nf6 6. e3 Bf5 7. Qb3 Na5 8. Qa4+ Bd7 9. Qc2 e6 10. Bd3 Nh5 11. Be5 Nc6 12. Qe2 Nxe5 13. dxe5 g6 14. Nf3 Bb4 15. O-O O-O 16. Rac1 Rc8 17. Nb5 Bxb5 18. Bxb5 Qe7 19. Bd3 Rc7 20. Bb1 Rfc8 21. Rxc7 Qxc7 22. a3 Be7 23. e4 dxe4 24. Bxe4 Ng7 25. g3 Nf5 26. Rd1 b6 27. Kg2 Rd8 28. Rxd8+ Qxd8 29. Qc4 Kg7 30. Qd3 Qc7 31. Qc2 1/2-1/2

[Event "34th European Club Cup 2018"]
[Site "Halkidiki"]
[Date "2018.10.17"]
[Round "6"]
[White "Gorodetzky, Matan"]
[Black "Andonovski, Ljubisa"]
[Result "0-1"]
[WhiteElo "2221"]
[BlackElo "2287"]
[Annotator "NA"]
[PlyCount "68"]
[EventDate "2018.10.12"]
[EventType "team-tourn"]
[EventCountry "GRE"]
[SourceTitle "playchess.com"]
[Source "ChessBase"]
[SourceQuality "1"]
[WhiteTeam "Rehovot"]
[BlackTeam "Asseco SEE"]

1. e4 c6 2. d4 d5 3. exd5 cxd5 4. c4 Nf6 5. Nc3 Nc6 6. Nf3 Bg4 7. Be3 e6 8. c5 Be7 9. Bb5 O-O 10. O-O Ne4 11. h3 Bh5 12. g4 Bg6 13. Bxc6 bxc6 14. Ne5 Rc8 15. Qa4 Bf6 16. Nxg6 Nxc3 17. bxc3 fxg6 18. Qxa7 e5 19. Rfb1 h5 20. Rb7 hxg4 21. hxg4 Ra8 22. Qb6 Qc8 23. Kf1 Bd8 24. Qb4 Ba5 25. Qb3 Qxg4 26. Re7 Rab8 27. Rb7 Rxb7 28. Qxb7 Qf3 29. Kg1 Bxc3 30. Rf1 Bxd4 31. Bxd4 exd4 32. Qb3 d3 33. Qd1 Qh3 34. Re1 Rf4 0-1

[Event "34th European Club Cup 2018"]
[Site "Halkidiki"]
[Date "2018.10.17"]
[Round "6"]
[White "Baliasnyj, Timur"]
[Black "Gunnarsson, Arnar"]
[Result "0-1"]
[WhiteElo "2216"]
[BlackElo "2428"]
[Annotator "NA"]
[PlyCount "74"]
[EventDate "2018.10.12"]
[EventType "team-tourn"]
[EventCountry "GRE"]
[SourceTitle "playchess.com"]
[Source "ChessBase"]
[SourceQuality "1"]
[WhiteTeam "Overtime"]
[BlackTeam "Reykjavik"]

1. Nf3 Nf6 2. c4 c5 3. g3 g6 4. Nc3 Bg7 5. Bg2 O-O 6. O-O d6 7. d4 Na6 8. h3 Bd7 9. Be3 cxd4 10. Nxd4 Qc8 11. g4 h5 12. g5 Nh7 13. Kh2 Qxc4 14. Bxb7 Rab8 15. Bd5 Qc8 16. Rc1 Nc5 17. Qc2 e6 18. Bg2 Qa6 19. Nb3 Nxb3 20. axb3 d5 21. Bf4 Rbc8 22. Qd2 Qb6 23. b4 Rc4 24. e4 d4 25. Na2 Bb5 26. b3 Rxc1 27. Rxc1 e5 28. Bg3 Re8 29. Bf1 Bxf1 30. Rxf1 f6 31. gxf6 Qxf6 32. f4 exf4 33. Rxf4 Qc6 34. Qd3 Ng5 35. b5 Qe6 36. Nb4 Qxh3+ 37. Kg1 Be5 0-1

[Event "34th European Club Cup 2018"]
[Site "Halkidiki"]
[Date "2018.10.17"]
[Round "6"]
[White "Papadopoulos, Argirios"]
[Black "Jepson, Christian"]
[Result "1/2-1/2"]
[WhiteElo "2213"]
[BlackElo "2413"]
[Annotator "TA"]
[PlyCount "82"]
[EventDate "2018.10.12"]
[EventType "team-tourn"]
[EventCountry "GRE"]
[SourceTitle "playchess.com"]
[Source "ChessBase"]
[SourceQuality "1"]
[WhiteTeam "Chania CA"]
[BlackTeam "Nordkalotten"]

1. e4 d6 2. d4 Nf6 3. Nc3 g6 4. Bf4 c6 5. Qd2 b5 6. Bd3 Bg7 7. Bh6 Bxh6 8. Qxh6 e5 9. dxe5 dxe5 10. Nf3 Nbd7 11. h3 Qe7 12. O-O Qf8 13. Qxf8+ Rxf8 14. a4 b4 15. Nb1 Nh5 16. Nbd2 f6 17. Nc4 Nc5 18. Rfd1 Ke7 19. Na5 Bd7 20. Nd2 Nf4 21. Ndb3 Nfe6 22. f3 Rac8 23. Bc4 Rc7 24. Nxc5 Nxc5 25. Nb3 Nxb3 26. cxb3 Rd8 27. Kf2 Be8 28. Rxd8 Kxd8 29. Rd1+ Rd7 30. Rxd7+ Kxd7 31. h4 g5 32. g3 h6 33. Ke3 Kd6 34. Bg8 Bd7 35. Bc4 Bc8 36. Bg8 Ba6 37. Bf7 Ke7 38. Bg8 Kd6 39. Bf7 Bc8 40. Bc4 Bd7 41. Bg8 Bc8 1/2-1/2

[Event "34th European Club Cup 2018"]
[Site "Halkidiki"]
[Date "2018.10.17"]
[Round "6"]
[White "Gupta, Milon"]
[Black "Vucenovic, Dragomir"]
[Result "1/2-1/2"]
[WhiteElo "2206"]
[BlackElo "2181"]
[Annotator "NA"]
[PlyCount "61"]
[EventDate "2018.10.12"]
[EventType "team-tourn"]
[EventCountry "GRE"]
[SourceTitle "playchess.com"]
[Source "ChessBase"]
[SourceQuality "1"]
[WhiteTeam "Solingen"]
[BlackTeam "Zurich"]

1. Nf3 d5 2. g3 c6 3. Bg2 Nf6 4. c4 e6 5. O-O Nbd7 6. b3 Bd6 7. Bb2 Qe7 8. d3 O-O 9. Qc2 e5 10. cxd5 cxd5 11. Nc3 a6 12. e3 b5 13. Rad1 Bb7 14. Nh4 g6 15. e4 Rac8 16. Qe2 d4 17. Nb1 Ne8 18. Bh3 Ng7 19. Bc1 Rc7 20. Bh6 Nc5 21. Rc1 Bc8 22. Bxc8 Rfxc8 23. Qg4 Qe6 24. Qe2 Be7 25. Ng2 Qh3 26. Bxg7 Kxg7 27. f4 f6 28. Nd2 Qd7 29. Nf3 Bd6 30. fxe5 Bxe5 31. Nxe5 1/2-1/2

[Event "34th European Club Cup 2018"]
[Site "Halkidiki"]
[Date "2018.10.17"]
[Round "6"]
[White "Gengler, Pierre"]
[Black "Seyb, Alexander"]
[Result "1/2-1/2"]
[WhiteElo "2205"]
[BlackElo "2411"]
[Annotator "NA"]
[PlyCount "74"]
[EventDate "2018.10.12"]
[EventType "team-tourn"]
[EventCountry "GRE"]
[SourceTitle "playchess.com"]
[Source "ChessBase"]
[SourceQuality "1"]
[WhiteTeam "Wirtzfeld"]
[BlackTeam "Berlin"]

1. e4 c5 2. Nf3 d6 3. d4 cxd4 4. Nxd4 Nf6 5. Nc3 a6 6. h3 e5 7. Nde2 h5 8. Bg5 Be6 9. Bxf6 Qxf6 10. Nd5 Qd8 11. g3 h4 12. g4 g6 13. Nec3 Bh6 14. Bc4 O-O 15. Bb3 Nc6 16. O-O Kh7 17. Qd3 f5 18. exf5 gxf5 19. f3 e4 20. fxe4 Ne5 21. Qe2 f4 22. Rf3 Qg5 23. Kh1 Rf7 24. Raf1 Raf8 25. Qh2 Nxf3 26. Rxf3 Bg7 27. Nd1 b5 28. c3 a5 29. a3 Rb7 30. Qc2 Be5 31. Nf2 Bf7 32. Nd3 Bg6 33. Nf2 Kg7 34. Qe2 Bf7 35. Qc2 Bg6 36. Qe2 Bf7 37. Qc2 Bg6 1/2-1/2

[Event "34th European Club Cup 2018"]
[Site "Halkidiki"]
[Date "2018.10.17"]
[Round "6"]
[White "Juegel, Marcel"]
[Black "Vanstreels, Luc"]
[Result "1/2-1/2"]
[WhiteElo "2187"]
[BlackElo "2123"]
[Annotator "ChessBase"]
[PlyCount "155"]
[EventDate "2018.10.12"]
[EventType "team-tourn"]
[EventCountry "GRE"]
[SourceTitle "playchess.com"]
[Source "ChessBase"]
[SourceQuality "1"]
[WhiteTeam "Aachen"]
[BlackTeam "Eynatten"]

1. d4 Nf6 2. Nc3 d5 3. Bf4 c5 4. e3 cxd4 5. exd4 a6 6. Be2 Nc6 7. a3 Bf5 8. Nf3 e6 9. O-O Bd6 10. Bxd6 Qxd6 11. Qc1 Rc8 12. Nd1 Be4 13. Qd2 Bg6 14. Nh4 Ne4 15. Qe3 Na5 16. f3 Nf6 17. Rc1 O-O 18. Nxg6 hxg6 19. Nf2 Qb6 20. Nd1 Nc6 21. c3 Rfe8 22. f4 Ne7 23. Bf3 Nf5 24. Qd2 Nd6 25. Re1 Nfe4 26. Bxe4 Nxe4 27. Qe3 Qb3 28. Re2 b5 29. Nf2 Nxf2 30. Kxf2 a5 31. Rec2 Rc4 32. Ke1 b4 33. axb4 axb4 34. Qd2 Rec8 35. Qd3 Ra8 36. Ke2 Ra2 37. cxb4 Qxb4 38. b3 Rcxc2+ 39. Rxc2 Rxc2+ 40. Qxc2 Qxd4 41. g3 g5 42. Qc8+ Kh7 43. Qc2+ f5 44. Kf3 Qg1 45. fxg5 Qf1+ 46. Ke3 e5 47. Qe2 f4+ 48. gxf4 Qxf4+ 49. Kd3 Qxg5 50. Kc3 d4+ 51. Kc4 Qf5 52. b4 Qe6+ 53. Kc5 Qe7+ 54. Kc4 Qf7+ 55. Kc5 Qc7+ 56. Kb5 Qb7+ 57. Kc5 Qe7+ 58. Kc4 Qe6+ 59. Kc5 Qc8+ 60. Kb5 Qd7+ 61. Kc4 Qc6+ 62. Kb3 e4 63. Qh5+ Kg8 64. b5 Qe6+ 65. Kb4 d3 66. Kc3 Qf6+ 67. Kd2 Qf4+ 68. Kc3 Qf6+ 69. Kd2 Qf2+ 70. Kc3 Qc2+ 71. Kd4 Qa4+ 72. Ke3 Qa7+ 73. Kxe4 Qd7 74. Qd1 d2 75. Ke3 Qxb5 76. Qxd2 Qg5+ 77. Kd3 Qxd2+ 78. Kxd2 1/2-1/2

[Event "34th European Club Cup 2018"]
[Site "Halkidiki"]
[Date "2018.10.17"]
[Round "6"]
[White "Maksimovic, Marko"]
[Black "Jap Tjoen San, Linda"]
[Result "1-0"]
[WhiteElo "2187"]
[BlackElo "2086"]
[Annotator "NA"]
[PlyCount "61"]
[EventDate "2018.10.12"]
[EventType "team-tourn"]
[EventCountry "GRE"]
[SourceTitle "playchess.com"]
[Source "ChessBase"]
[SourceQuality "1"]
[WhiteTeam "Partizan"]
[BlackTeam "Leiden"]

1. d4 d5 2. Bf4 Nf6 3. e3 e6 4. Nd2 c5 5. c3 Bd6 6. Bg3 Nc6 7. Ngf3 O-O 8. Bd3 b6 9. e4 Be7 10. e5 Nh5 11. a3 a5 12. Qe2 g6 13. O-O Bd7 14. Qe3 Nxg3 15. hxg3 Kg7 16. Nh2 cxd4 17. cxd4 f5 18. exf6+ Bxf6 19. Ndf3 Qe7 20. Ng4 Kg8 21. Rac1 Rfc8 22. Rfe1 Nd8 23. Nfe5 Be8 24. Qe2 Bg7 25. Bb5 h5 26. Bxe8 Qxe8 27. Nh2 g5 28. g4 Qa4 29. Qe3 Bf6 30. gxh5 Nc6 31. Nhg4 1-0

[Event "34th European Club Cup 2018"]
[Site "Halkidiki"]
[Date "2018.10.17"]
[Round "6"]
[White "Van Dommelen, Martin"]
[Black "Fejzullahu, Afrim"]
[Result "1-0"]
[WhiteElo "2177"]
[BlackElo "2247"]
[Annotator "NA"]
[PlyCount "67"]
[EventDate "2018.10.12"]
[EventType "team-tourn"]
[EventCountry "GRE"]
[SourceTitle "playchess.com"]
[Source "ChessBase"]
[SourceQuality "1"]
[WhiteTeam "Apeldoorn"]
[BlackTeam "Drejtesia"]

1. e4 e5 2. Nf3 Nc6 3. d4 exd4 4. Nxd4 Bc5 5. Nb3 Bb4+ 6. Bd2 Bxd2+ 7. Qxd2 Nf6 8. Nc3 O-O 9. O-O-O d6 10. f3 Be6 11. g4 a5 12. a4 Bxb3 13. cxb3 Nd7 14. h4 Nc5 15. Bc4 Ne5 16. Qe3 c6 17. Kb1 Qc7 18. Be2 Nxb3 19. f4 Nd7 20. h5 Qb6 21. Qd3 Qb4 22. h6 g6 23. Rh3 Rfe8 24. Re3 d5 25. exd5 Qxf4 26. Rxe8+ Rxe8 27. dxc6 Ndc5 28. Qd8 Qc1+ 29. Ka2 Qa1+ 30. Rxa1 Rxd8 31. c7 Rc8 32. Rd1 Ne6 33. Kxb3 Rxc7 34. Nd5 1-0